[Event "13th Poti Nana Aleksandria Cup"]
[Site "Poti"]
[Date "2018.07.13"]
[Round "1"]
[White "Sattarov, Bobir"]
[Black "Gordon, Evgeny"]
[Result "1-0"]
[WhiteElo "2328"]
[BlackElo "2016"]
[Annotator "NA"]
[PlyCount "55"]
[EventDate "2018.07.13"]
[EventType "swiss"]
[EventCountry "GEO"]
[SourceTitle "playchess.com"]
[Source "ChessBase"]
[SourceQuality "1"]
[TimeControl "40/5400+30:1800+30"]

1. e4 {[%emt 0:00:00]} d6 {[%emt 0:00:00]} 2. d4 {[%emt 0:00:00]} Nf6 {[%emt 0:00:00]} 3. Nc3 {[%emt 0:00:00]} e5 {[%emt 0:00:23]} 4. Nf3 {[%emt 0:00:24]} Nbd7 {[%emt 0:00:05]} 5. Bc4 {[%emt 0:00:28]} Be7 {[%emt 0:00:08]} 6. O-O {[%emt 0:00:09]} O-O {[%emt 0:00:05]} 7. a4 {[%emt 0:00:24]} c6 {[%emt 0:01:10]} 8. Ba2 {[%emt 0:00:08]} h6 {[%emt 0:01:03]} 9. Qe2 {[%emt 0:02:57]} a5 {[%emt 0:09:20]} 10. Rd1 {[%emt 0:00:46]} Qc7 {[%emt 0:02:11]} 11. h3 {[%emt 0:04:09]} Nh7 {[%emt 0:22:50]} 12. Be3 {[%emt 0:01:13]} Bf6 {[%emt 0:05:15]} 13. Rd2 {[%emt 0:00:48]} exd4 {[%emt 0:22:09]} 14. Nxd4 {[%emt 0:03:10]} Nc5 {[%emt 0:01:34]} 15. Rad1 {[%emt 0:15:45]} Re8 {[%emt 0:21:58]} 16. f3 {[%emt 0:04:56]} Nf8 {[%emt 0:03:05]} 17. Qf2 {[%emt 0:03:43]} Be5 {[%emt 0:03:17]} 18. f4 {[%emt 0:01:53]} Bf6 {[%emt 0:01:21]} 19. e5 {[%emt 0:00:08]} dxe5 {[%emt 0:01:14]} 20. Ndb5 {[%emt 0:00:02]} cxb5 {[%emt 0:00:45]} 21. Nxb5 {[%emt 0:00:02]} Ne4 {[%emt 0:01:58]} 22. Nxc7 {[%emt 0:00:51]} Nxf2 {[%emt 0:00:02]} 23. Bxf2 {[%emt 0:00:24]} Be6 {[%emt 0:00:33]} 24. Bxe6 {[%emt 0:00:16]} Nxe6 {[%emt 0:00:06]} 25. Nxa8 {[%emt 0:00:08]} Rxa8 {[%emt 0:00:09]} 26. fxe5 Bxe5 {[%emt 0:00:08]} 27. c3 {[%emt 0:00:21]} Rb8 {[%emt 0:00:39]} 28. Bb6 {[%emt 0:01:32]} 1-0

[Event "13th Poti Nana Aleksandria Cup"]
[Site "Poti"]
[Date "2018.07.13"]
[Round "1"]
[White "Danielyan, Vahe"]
[Black "Shanya Mishra"]
[Result "0-1"]
[WhiteElo "2317"]
[BlackElo "1980"]
[Annotator "NA"]
[PlyCount "84"]
[EventDate "2018.07.13"]
[EventType "swiss"]
[EventCountry "GEO"]
[SourceTitle "playchess.com"]
[Source "ChessBase"]
[SourceQuality "1"]
[TimeControl "40/5400+30:1800+30"]

1. e4 {[%emt 0:00:00]} c5 {[%emt 0:00:00]} 2. Nf3 {[%emt 0:00:00]} e6 {[%emt 0:00:34]} 3. Nc3 {[%emt 0:00:00]} Nc6 {[%emt 0:00:22]} 4. Bb5 {[%emt 0:00:06]} Nd4 {[%emt 0:01:02]} 5. O-O {[%emt 0:00:43]} g6 {[%emt 0:01:11]} 6. Nxd4 {[%emt 0:02:21]} cxd4 {[%emt 0:01:16]} 7. Ne2 {[%emt 0:00:13]} Bg7 {[%emt 0:00:11]} 8. c3 {[%emt 0:00:05]} dxc3 {[%emt 0:02:54]} 9. dxc3 {[%emt 0:00:34]} a6 {[%emt 0:02:48]} 10. Ba4 {[%emt 0:02:00]} Ne7 {[%emt 0:00:29]} 11. Qd6 {[%emt 0:01:15]} O-O {[%emt 0:04:35]} 12. Rd1 {[%emt 0:00:14]} b5 {[%emt 0:00:13]} 13. Bb3 {[%emt 0:00:25]} Nc6 {[%emt 0:03:21]} 14. Be3 {[%emt 0:00:41]} Qh4 {[%emt 0:02:02]} 15. Ng3 Ne5 16. f3 f5 17. Bf2 Qg5 18. h4 Qh6 19. a4 f4 20. Ne2 bxa4 21. Rxa4 g5 22. Ra5 Nf7 23. hxg5 Nxg5 24. Bc4 Nf7 25. Qc7 Kh8 26. Rda1 d6 27. b4 Ne5 28. Bxa6 Rg8 29. Nd4 Bxa6 30. Rxa6 Rxa6 31. Rxa6 Bf8 32. Ra2 Qh3 33. Be1 Nd3 34. Qc4 Nxe1 35. Qf1 e5 36. Qxe1 exd4 37. Qf2 dxc3 38. b5 Qe6 39. b6 Bg7 40. b7 Qb3 41. Qa7 Be5 42. Kh2 c2 0-1

[Event "13th Poti Nana Aleksandria Cup"]
[Site "Poti"]
[Date "2018.07.13"]
[Round "1"]
[White "Danielyan, Vahe"]
[Black "Shanya Mishra"]
[Result "*"]
[WhiteElo "2317"]
[BlackElo "1980"]
[Annotator "NA"]
[PlyCount "32"]
[EventDate "2018.07.13"]
[EventType "swiss"]
[EventCountry "GEO"]
[SourceTitle "playchess.com"]
[Source "ChessBase"]
[SourceQuality "1"]
[TimeControl "40/5400+30:1800+30"]

{[%evp 14,27,-233,-452,-468,32767,32767,32767,32767,-1270,-1322,-2734,-3168,-29992,-29993,-29993]} 1. e4 c5 2. d3 Nc6 3. Nc3 g6 4. Qf3 Bg7 5. Be3 Nd4 6. Bxd4 cxd4 7. Nd5 e6 8. Nb4 $2 (8. Nf4 {was forced.}) 8... a5 9. c3 axb4 10. cxd4 Bxd4 11. Nh3 Bxb2 12. Rb1 Bc3+ 13. Ke2 Rxa2+ 14. Kd1 Rd2+ 15. Kc1 Qa5 16. d4 Qa3+ *

[Event "13th Poti Nana Aleksandria Cup"]
[Site "Poti"]
[Date "2018.07.13"]
[Round "1"]
[White "Gharagyozyan, Artur"]
[Black "Tihonov, Gennady"]
[Result "1-0"]
[WhiteElo "2302"]
[BlackElo "1845"]
[Annotator "NA"]
[PlyCount "67"]
[EventDate "2018.07.13"]
[EventType "swiss"]
[EventCountry "GEO"]
[SourceTitle "playchess.com"]
[Source "ChessBase"]
[SourceQuality "1"]
[TimeControl "40/5400+30:1800+30"]

1. e4 {[%emt 0:00:00]} e5 {[%emt 0:00:00]} 2. Nf3 {[%emt 0:00:00]} Nf6 {[%emt 0:00:00]} 3. Nc3 {[%emt 0:00:00]} Nc6 {[%emt 0:00:04]} 4. Bc4 {[%emt 0:00:19]} Nxe4 {[%emt 0:00:18]} 5. Nxe4 {[%emt 0:00:08]} d5 {[%emt 0:00:04]} 6. Bd3 {[%emt 0:00:04]} dxe4 {[%emt 0:00:09]} 7. Bxe4 {[%emt 0:00:03]} Bg4 {[%emt 0:07:09]} 8. h3 {[%emt 0:00:20]} Bxf3 {[%emt 0:01:15]} 9. Qxf3 {[%emt 0:00:22]} Qf6 {[%emt 0:10:12]} 10. Qxf6 {[%emt 0:00:40]} gxf6 {[%emt 0:00:05]} 11. Bxc6+ {[%emt 0:00:09]} bxc6 {[%emt 0:00:05]} 12. d3 {[%emt 0:00:31]} Bc5 {[%emt 0:00:54]} 13. Be3 {[%emt 0:00:08]} Bb6 {[%emt 0:05:09]} 14. Ke2 {[%emt 0:03:09]} Rb8 {[%emt 0:01:31]} 15. b3 {[%emt 0:00:08]} Ke7 {[%emt 0:00:53]} 16. a4 {[%emt 0:00:06]} Rhd8 {[%emt 0:03:40]} 17. g4 {[%emt 0:00:13]} f5 {[%emt 0:07:46]} 18. gxf5 {[%emt 0:00:04]} Kf6 $16 {[%emt 0:01:04]} 19. Rag1 {[%emt 0:00:02]} Rg8 {[%emt 0:00:49]} 20. Rg4 {[%emt 0:00:03]} Kxf5 {[%emt 0:06:55]} 21. Rhg1 {[%emt 0:00:13]} Rg6 {[%emt 0:01:47]} 22. Rg5+ {[%emt 0:01:02]} Kf6 {[%emt 0:02:05]} 23. R1g4 {[%emt 0:01:14]} Rbg8 {[%emt 0:04:28]} 24. Rxg6+ Rxg6 {[%emt 0:00:19]} 25. Rc4 {[%emt 0:00:58]} Ke7 {[%emt 0:00:48]} 26. b4 {[%emt 0:00:42]} f5 {[%emt 0:13:35]} 27. Rh4 {[%emt 0:02:04]} Rg7 {[%emt 0:02:19]} 28. Rh6 {[%emt 0:01:46]} Kd7 {[%emt 0:00:56]} 29. Rf6 {[%emt 0:00:19]} f4 {[%emt 0:01:39]} 30. Bxb6 {[%emt 0:01:01]} cxb6 {[%emt 0:00:51]} 31. Kf3 {[%emt 0:00:09]} a5 {[%emt 0:02:17]} 32. b5 {[%emt 0:00:17]} cxb5 {[%emt 0:00:18]} 33. Rxb6 {[%emt 0:00:07]} bxa4 {[%emt 0:01:50]} 34. Rb7+ {[%emt 0:00:05]} 1-0

[Event "13th Poti Nana Aleksandria Cup"]
[Site "Poti"]
[Date "2018.07.13"]
[Round "1"]
[White "Der Manuelian, Haik"]
[Black "Bibilashvili, Lali"]
[Result "1-0"]
[WhiteElo "2242"]
[BlackElo "1816"]
[Annotator "NA"]
[PlyCount "83"]
[EventDate "2018.07.13"]
[EventType "swiss"]
[EventCountry "GEO"]
[SourceTitle "playchess.com"]
[Source "ChessBase"]
[SourceQuality "1"]
[TimeControl "40/5400+30:1800+30"]

1. e4 {[%emt 0:00:00]} c5 {[%emt 0:00:53]} 2. Nf3 {[%emt 0:00:00]} Nc6 {[%emt 0:00:03]} 3. d4 {[%emt 0:00:00]} cxd4 {[%emt 0:00:03]} 4. Nxd4 {[%emt 0:00:00]} Nf6 {[%emt 0:01:27]} 5. Nc3 {[%emt 0:00:00]} e5 {[%emt 0:02:12]} 6. Ndb5 {[%emt 0:00:22]} d6 {[%emt 0:00:06]} 7. Bg5 {[%emt 0:00:07]} a6 {[%emt 0:00:24]} 8. Na3 {[%emt 0:00:08]} b5 {[%emt 0:00:03]} 9. Nd5 {[%emt 0:00:04]} Be7 {[%emt 0:00:03]} 10. Bxf6 {[%emt 0:00:12]} Bxf6 {[%emt 0:00:04]} 11. c3 {[%emt 0:00:07]} Bg5 {[%emt 0:00:02]} 12. Nc2 {[%emt 0:00:33]} O-O {[%emt 0:00:44]} 13. a4 {[%emt 0:00:26]} bxa4 {[%emt 0:00:09]} 14. Rxa4 {[%emt 0:00:05]} a5 {[%emt 0:00:03]} 15. Bc4 {[%emt 0:00:29]} Rb8 {[%emt 0:04:26]} 16. b3 {[%emt 0:00:03]} Kh8 {[%emt 0:01:32]} 17. h4 {[%emt 0:01:50]} Bh6 {[%emt 0:06:04]} 18. g4 {[%emt 0:01:08]} Bf4 {[%emt 0:00:07]} 19. Nce3 {[%emt 0:06:40]} Bxe3 {[%emt 0:16:38]} 20. Nxe3 {[%emt 0:00:05]} Be6 {[%emt 0:00:13]} 21. Nf5 {[%emt 0:07:21]} Bxf5 {[%emt 0:07:35]} 22. gxf5 {[%emt 0:00:42]} Qf6 {[%emt 0:01:47]} 23. Qd2 {[%emt 0:16:34]} h6 {[%emt 0:03:40]} 24. Qg5 {[%emt 0:08:27]} Qd8 {[%emt 0:07:33]} 25. Qxd8 {[%emt 0:00:14]} Rbxd8 {[%emt 0:00:06]} 26. Bd5 {[%emt 0:10:09]} Rc8 {[%emt 0:01:10]} 27. Rh3 {[%emt 0:04:16]} Rc7 {[%emt 0:06:22]} 28. Bxc6 {[%emt 0:01:24]} Rxc6 {[%emt 0:00:02]} 29. Rxa5 {[%emt 0:00:02]} Rb8 {[%emt 0:00:04]} 30. Ra3 {[%emt 0:04:11]} Rcb6 {[%emt 0:03:43]} 31. b4 {[%emt 0:01:30]} Kg8 {[%emt 0:05:48]} 32. Rd3 {[%emt 0:03:14]} Kf8 {[%emt 0:01:14]} 33. Ra7 {[%emt 0:00:08]} Rc8 {[%emt 0:07:58]} 34. Kd2 {[%emt 0:01:53]} Rc4 {[%emt 0:09:40]} 35. f3 {[%emt 0:00:01]} Ke8 {[%emt 0:01:10]} 36. Rd5 {[%emt 0:02:08]} Rc8 {[%emt 0:00:40]} 37. b5 {[%emt 0:01:02]} Rd8 {[%emt 0:05:09]} 38. c4 {[%emt 0:01:17]} Rd7 {[%emt 0:07:51]} 39. Ra6 {[%emt 0:00:13]} Rxa6 {[%emt 0:00:20]} 40. bxa6 {[%emt 0:00:00]} Ke7 {[%emt 0:00:00]} 41. c5 {[%emt 0:01:26]} Ra7 {[%emt 0:01:26]} 42. Rxd6 {[%emt 0:00:51]} 1-0

[Event "13th Poti Nana Aleksandria Cup"]
[Site "Poti"]
[Date "2018.07.13"]
[Round "1"]
[White "Ghvamberia, Nika"]
[Black "Pantsulaia, Levan"]
[Result "1/2-1/2"]
[WhiteElo "2236"]
[BlackElo "2575"]
[Annotator "ChessBase"]
[PlyCount "113"]
[EventDate "2018.07.13"]
[EventType "swiss"]
[EventCountry "GEO"]
[SourceTitle "playchess.com"]
[Source "ChessBase"]
[SourceQuality "1"]
[TimeControl "40/5400+30:1800+30"]

1. e4 {[%emt 0:00:00]} c5 {[%emt 0:00:00]} 2. Nf3 {[%emt 0:00:00]} a6 {[%emt 0:00:22]} 3. c3 {[%emt 0:00:49]} d6 {[%emt 0:03:12]} 4. d4 {[%emt 0:01:33]} Qc7 {[%emt 0:00:07]} 5. Bd3 {[%emt 0:03:10]} g6 {[%emt 0:00:09]} 6. Bf4 {[%emt 0:03:22]} Bg7 {[%emt 0:05:03]} 7. dxc5 {[%emt 0:01:21]} Qxc5 {[%emt 0:00:16]} 8. Nbd2 {[%emt 0:00:11]} Nf6 {[%emt 0:01:44]} 9. O-O {[%emt 0:01:08]} O-O {[%emt 0:00:14]} 10. h3 {[%emt 0:06:34]} Nbd7 {[%emt 0:05:26]} 11. Re1 {[%emt 0:04:17]} e5 {[%emt 0:01:04]} 12. Bg5 {[%emt 0:05:04]} h6 {[%emt 0:01:46]} 13. Be3 {[%emt 0:02:24]} Qc6 {[%emt 0:03:28]} 14. a4 {[%emt 0:20:28]} Nc5 {[%emt 0:19:18]} 15. Bxc5 {[%emt 0:07:01]} Qxc5 {[%emt 0:00:06]} 16. Qb3 {[%emt 0:01:02]} Nh5 {[%emt 0:30:06]} 17. Nc4 {[%emt 0:10:34]} Nf4 {[%emt 0:01:50]} 18. Bf1 {[%emt 0:00:05]} Be6 {[%emt 0:00:06]} 19. Qb6 {[%emt 0:01:22]} Qxb6 {[%emt 0:00:06]} 20. Nxb6 {[%emt 0:00:04]} Rad8 {[%emt 0:00:05]} 21. Rad1 {[%emt 0:13:03]} f5 {[%emt 0:01:00]} 22. exf5 {[%emt 0:00:20]} gxf5 {[%emt 0:03:01]} 23. g3 {[%emt 0:04:28]} Ng6 {[%emt 0:00:08]} 24. Bc4 {[%emt 0:03:30]} Bf7 {[%emt 0:09:16]} 25. Re2 {[%emt 0:04:59]} e4 {[%emt 0:05:03]} 26. Bxf7+ {[%emt 0:00:10]} Kxf7 {[%emt 0:02:22]} 27. Nd4 {[%emt 0:00:09]} Bxd4 {[%emt 0:01:21]} 28. cxd4 {[%emt 0:02:01]} Ke6 {[%emt 0:03:56]} 29. Rc1 {[%emt 0:03:32]} Rf7 {[%emt 0:00:27]} 30. f4 {[%emt 0:01:09]} d5 {[%emt 0:01:07]} 31. Rec2 {[%emt 0:00:23]} h5 {[%emt 0:01:18]} 32. h4 {[%emt 0:00:05]} Ne7 {[%emt 0:00:09]} 33. a5 {[%emt 0:01:08]} Rd6 {[%emt 0:01:58]} 34. Nc8 {[%emt 0:00:38]} Nc6 {[%emt 0:00:47]} 35. Nxd6 {[%emt 0:00:33]} Kxd6 {[%emt 0:00:01]} 36. Rxc6+ bxc6 {[%emt 0:00:01]} 37. b4 {[%emt 0:00:31]} e3 {[%emt 0:01:02]} 38. Rc3 {[%emt 0:00:47]} Re7 {[%emt 0:00:12]} 39. Kf1 {[%emt 0:00:19]} Re4 {[%emt 0:00:22]} 40. Rd3 {[%emt 0:00:00]} e2+ {[%emt 0:00:00]} 41. Ke1 {[%emt 0:00:12]} Kd7 {[%emt 0:02:55]} 42. Rd2 {[%emt 0:00:43]} Re3 {[%emt 0:05:36]} 43. Rxe2 {[%emt 0:00:06]} Rxg3 {[%emt 0:00:04]} 44. Re5 {[%emt 0:00:19]} Rd3 {[%emt 0:00:23]} 45. Rxf5 {[%emt 0:00:09]} Rxd4 {[%emt 0:00:05]} 46. Rxh5 {[%emt 0:02:40]} Rxb4 {[%emt 0:01:04]} 47. Rf5 {[%emt 0:09:02]} Ke6 {[%emt 0:03:45]} 48. Rf8 {[%emt 0:01:59]} Ke7 {[%emt 0:00:18]} 49. Rc8 {[%emt 0:02:14]} Kd6 {[%emt 0:00:09]} 50. Rf8 {[%emt 0:00:09]} Ra4 {[%emt 0:02:32]} 51. h5 {[%emt 0:03:43]} Rxa5 {[%emt 0:00:26]} 52. h6 {[%emt 0:02:02]} Ra1+ {[%emt 0:00:04]} 53. Kd2 {[%emt 0:00:19]} Rh1 {[%emt 0:00:08]} 54. Rh8 {[%emt 0:00:34]} Ke7 {[%emt 0:04:03]} 55. h7 {[%emt 0:00:45]} Kf6 {[%emt 0:00:25]} 56. Rc8 {[%emt 0:00:40]} Rxh7 {[%emt 0:00:07]} 57. Rxc6+ {[%emt 0:00:05]} 1/2-1/2

[Event "13th Poti Nana Aleksandria Cup"]
[Site "Poti"]
[Date "2018.07.13"]
[Round "1"]
[White "Martynyuk, Elizaveta"]
[Black "Matsenko, Sergei"]
[Result "0-1"]
[WhiteElo "2182"]
[BlackElo "2539"]
[Annotator "TA"]
[PlyCount "86"]
[EventDate "2018.07.13"]
[EventType "swiss"]
[EventCountry "GEO"]
[SourceTitle "playchess.com"]
[Source "ChessBase"]
[SourceQuality "1"]

{[%evp 16,86,25,0,23,0,20,32,43,12,22,-24,-24,-24,-24,-25,-36,-79,-73,-78,-75,-132,-149,-126,-127,-184,-187,-258,-258,-268,-266,-268,-262,-257,-234,-138,-134,-146,-152,-315,-297,-717,-689,-688,-302,-240,-124,-138,-120,-419,-424,-408,-405,-360,-248,-248,-241,-366,-352,-451,-451,-451,-451,-443,-436,-430,-436,-436,-422,-804,-786,-977,-964]} 1. e4 e6 2. d4 d5 3. Nc3 Bb4 4. exd5 exd5 5. Bd3 Nc6 6. a3 Ba5 7. Nge2 Nge7 8. O-O O-O 9. Bg5 {LiveBook: 3 Partien. C01: Französische Verteidigung (Abtauschvariante)} f6 10. Bf4 (10. Be3 Bf5 11. Nf4 Bxc3 12. bxc3 Qd7 13. c4 Bxd3 14. Qxd3 Rad8 15. Rab1 b6 16. Rb5 dxc4 17. Qxc4+ {0-1 (48) Hou,Y (2680)-Mamedyarov,S (2804) Wijk aan Zee 2018}) 10... Nf5 11. Re1 $146 {Die Stellung ist ausgeglichen.} ({Vorgänger:} 11. Na4 Ncxd4 12. Nxd4 Nxd4 13. Bxh7+ Kxh7 14. Qxd4 Bf5 15. b4 Bb6 {½-½ (42) Krivanek,V (2109)-Svatos,J (2256) Ricany 2016}) 11... Nce7 12. Ng3 c6 13. Qh5 {[%cal Rg3f5]} g6 14. Qe2 Rf7 15. Nxf5 Bxf5 16. g4 Bxd3 17. Qxd3 Qd7 18. h3 ({Günstiger ist} 18. f3) 18... g5 $1 $17 {[%cal Rg5f4]} 19. Bg3 f5 $1 20. gxf5 (20. Qf3 $17 {kämpft weiter.}) 20... Nxf5 $19 21. Re5 (21. Re2 $142) 21... Raf8 $1 22. Na4 {Schwarz sollte Sc5 verhindern.} Bc7 23. Nc5 Qc8 24. Rxf5 Rxf5 25. Bxc7 {Und weiter mit Dg3 wäre nett.} b6 ({Bloß nicht} 25... Qxc7 26. Ne6 $15) (25... Rf3 26. Qd2 $11) 26. Bd6 R8f7 $1 27. Nb3 $2 (27. Qa6 $17 {war die einzige Verteidigung.} Qd8 28. Ne6 (28. Nb7 Qd7 $17)) 27... Rf3 ({Nicht} 27... Rxf2 28. Nd2 $15) 28. Qd2 $2 (28. Qe2 Rxf2 29. Qxf2 Rxf2 30. Kxf2) 28... Qxh3 29. Bg3 {Weiss hofft, mit De2 fortzusetzen.} h5 (29... Qg4 $142 30. c3 h5) 30. Qe2 {[#]} h4 (30... Qg4 $1 $19 31. Kh1 h4) 31. Nd2 $17 {[#] Und De8+ würde nun gewinnen.} R3f6 $1 $40 {[%mdl 128] Weiss ist in Schwierigkeiten.} 32. Be5 $2 {[%mdl 8192]} (32. Qh5 $17 Qf5 33. Be5 Qxf2+ 34. Kh1 Qxd2 35. Bxf6 Rxf6 36. Rg1) 32... Rxf2 $19 33. Qxf2 Rxf2 34. Kxf2 g4 35. Rg1 Kf7 {[%mdl 1024] Schwarz hat starke Kompensation.} 36. Ke2 (36. Rg2 $142) 36... g3 {Weiss muss nun ...Dh2+ beachten.} 37. Nf3 Qg4 {Schwarz steht klar auf Gewinn.} 38. Rf1 Ke7 39. Kd2 g2 40. Rf2 {[#]} Qxf3 $1 {[%mdl 512]} 41. Rxf3 g1=Q 42. Bf6+ (42. Re3 $142 Kd7 43. Re2) 42... Ke6 43. Bxh4 Qxd4+ {Precision: Weiß = 24%, Schwarz = 72%.} 0-1

[Event "13th Poti Nana Aleksandria Cup"]
[Site "Poti"]
[Date "2018.07.13"]
[Round "1"]
[White "Yeritsyan, Hayk"]
[Black "Harutyunian, Tigran K"]
[Result "0-1"]
[WhiteElo "2178"]
[BlackElo "2500"]
[Annotator "ChessBase"]
[PlyCount "64"]
[EventDate "2018.07.13"]
[EventType "swiss"]
[EventCountry "GEO"]
[SourceTitle "playchess.com"]
[Source "ChessBase"]
[SourceQuality "1"]
[TimeControl "40/5400+30:1800+30"]

1. d4 {[%emt 0:00:00]} Nf6 {[%emt 0:00:00]} 2. c4 {[%emt 0:00:00]} e6 {[%emt 0:00:00]} 3. Nc3 {[%emt 0:00:27]} Bb4 {[%emt 0:00:45]} 4. a3 {[%emt 0:00:35]} Bxc3+ {[%emt 0:00:24]} 5. bxc3 {[%emt 0:00:08]} b6 {[%emt 0:00:02]} 6. f3 {[%emt 0:01:10]} Ba6 {[%emt 0:19:05]} 7. e4 {[%emt 0:01:30]} d6 {[%emt 0:00:04]} 8. Bd3 {[%emt 0:01:15]} Nfd7 {[%emt 0:02:22]} 9. Ne2 {[%emt 0:02:33]} Nc6 {[%emt 0:00:36]} 10. O-O {[%emt 0:10:20]} Na5 {[%emt 0:00:59]} 11. Qa4 {[%emt 0:02:14]} O-O {[%emt 0:02:11]} 12. f4 {[%emt 0:12:50]} f5 {[%emt 0:13:35]} 13. Ng3 {[%emt 0:17:38]} g6 {[%emt 0:00:45]} 14. Rd1 {[%emt 0:00:27]} Qe8 {[%emt 0:02:03]} 15. e5 {[%emt 0:05:19]} Nb8 {[%emt 0:01:21]} 16. Qxe8 {[%emt 0:07:00]} Rxe8 {[%emt 0:00:10]} 17. c5 {[%emt 0:02:35]} dxc5 {[%emt 0:03:57]} 18. dxc5 {[%emt 0:00:17]} Nb3 {[%emt 0:00:28]} 19. Rb1 {[%emt 0:00:57]} Bxd3 {[%emt 0:01:21]} 20. Rxd3 {[%emt 0:00:03]} Nxc5 {[%emt 0:00:07]} 21. Rd1 {[%emt 0:00:19]} Nc6 {[%emt 0:03:36]} 22. Be3 {[%emt 0:00:46]} Na4 {[%emt 0:00:19]} 23. Rd7 {[%emt 0:00:53]} Re7 {[%emt 0:00:52]} 24. Rd3 {[%emt 0:00:51]} Rd8 {[%emt 0:01:25]} 25. Rxd8+ {[%emt 0:00:40]} Nxd8 {[%emt 0:00:02]} 26. Rd1 {[%emt 0:01:35]} Nb7 {[%emt 0:00:13]} 27. Ne2 {[%emt 0:00:13]} Kf7 {[%emt 0:01:04]} 28. c4 {[%emt 0:02:26]} Nb2 {[%emt 0:04:10]} 29. Rc1 {[%emt 0:00:22]} Rd7 {[%emt 0:00:13]} 30. c5 {[%emt 0:04:41]} Nd3 {[%emt 0:01:16]} 31. c6 {[%emt 0:00:35]} Nxc1 {[%emt 0:00:06]} 32. Nxc1 {[%emt 0:00:04]} Rd1+ {[%emt 0:00:05]} 0-1

[Event "13th Poti Nana Aleksandria Cup"]
[Site "Poti"]
[Date "2018.07.13"]
[Round "1"]
[White "Pshmahov, Osman"]
[Black "Benidze, Davit"]
[Result "0-1"]
[WhiteElo "2136"]
[BlackElo "2487"]
[Annotator "TA"]
[PlyCount "88"]
[EventDate "2018.07.13"]
[EventType "swiss"]
[EventCountry "GEO"]
[SourceTitle "playchess.com"]
[Source "ChessBase"]
[SourceQuality "1"]

{[%evp 14,88,24,-17,-5,-21,23,6,8,0,27,18,21,29,29,0,4,-5,-5,-5,-5,-5,0,-10,-5,-11,-3,-15,0,0,0,-34,-34,-34,-33,-37,-37,-62,-46,-81,-77,-82,-85,-95,-75,-100,-101,-139,-139,-188,-189,-272,-265,-372,-374,-360,-342,-379,-402,-467,-445,-425,-433,-951,-933,-1456,-1407,-29988,-29989,-29989,-29990,-29990,-29991,-29991,-29991,-29991,-29992]} 1. d4 Nf6 2. Nf3 c5 3. e3 b6 4. Bd3 Bb7 5. Nbd2 g6 6. c3 Bg7 7. O-O O-O 8. Qe2 {LiveBook: 15 Partien. A47: Damenindisch (ohne c2-c4)} (8. Re1 d6 9. e4 e6 10. Nf1 Nbd7 11. Ng3 Qc7 12. h3 a6 13. Be3 b5 14. Qd2 Nb6 15. Bh6 Ne8 16. Bxg7 Nxg7 {0-1 (45) Onkoud,A (2308)-Sambuev,B (2532) Montreal 2015}) 8... Nc6 9. Rd1 Rc8 $146 ({Vorgänger:} 9... d6 10. Ba6 Qc7 11. a4 Rad8 12. Bxb7 Qxb7 13. Nc4 d5 14. Nce5 Nxe5 15. Nxe5 Nd7 16. Nxd7 {½-½ (16) Muter,D (2232)-Peacock,M (2097) Blackpool 2008}) 10. Nb3 {Weiß hat minimalen Vorteil.} d6 11. e4 cxd4 12. Nbxd4 Qc7 13. Nxc6 Bxc6 14. Bf4 Rfe8 15. Re1 e5 16. Bg5 d5 17. Bxf6 Bxf6 18. Bb5 Bxb5 19. Qxb5 dxe4 20. Rxe4 Bg7 21. Rae1 {[%cal Rf3e5]} f5 22. Qd5+ Kf8 23. R4e2 {Droht Sg5 und aus.} Rcd8 $36 {[%mdl 2048] Weiss steht unter Druck.} 24. Qb3 {und nun wäre Sg5 stark für Weiss.} Bf6 25. Qb4+ Kg7 26. Nd2 Rd5 27. Qc4 Qd7 28. Nf1 e4 29. Ne3 Rd3 30. Nc2 b5 {[%cal Bb6b5,Bb5b4][%mdl 32]} 31. Qb3 a5 32. Qa3 (32. g3 $142) 32... Ra8 $19 33. Re3 {[#]} (33. Ne3 {kämpft weiter.}) 33... b4 $1 {[%mdl 512]} 34. Qb3 {Jetzt Txd3 und Weiss darf weiter klammern.} (34. cxb4 Rxa3) 34... Rc8 35. Rxd3 exd3 36. Ne3 bxc3 37. bxc3 Rxc3 38. Qb6 (38. Qb1 $142 f4 39. Nf1) 38... d2 39. Rd1 Rc1 {Weiss muss nun ...f4 beachten.} 40. g3 f4 {Schwarz setzt Matt.} 41. gxf4 Rxd1+ 42. Kg2 Re1 43. f5 {[#]} Rxe3 $1 44. Qxe3 d1=Q {Precision: Weiß = 32%, Schwarz = 77%.} 0-1